=LDR 00000nam 2200000 4500 =001 INLIS000000000028402 =005 20130612130717 =008 ***********************************Ind** =035 ##$$0010-061300000028402 =041 ##$$a Ind =082 ##$$a 658 =090 ##$$a 658, Ma'a t =100 ##$$a Ma'arif, M. Syamsul =245 ##$$a Teknik-teknik kuantitatif untuk manajemen, M.Syamsul Ma'arif, Hendri Tanjung =260 ##$$a 2003 $b Jakarta =300 ##$$a 187 hlm, ilus, 21 cm =650 ##$$a Manajemen =700 ##$$a Tanjung, Hendri =850 ##$$a NBPNMAT =990 ##$$a 0001/BPAP-NTB/2016